Culture générale du sport #2 - Statistiques

Statistiques générales
  • Ce quiz a été pris 740 fois
  • Le résultat moyen est 8 sur 15
Statistiques - réponses
Questions Réponses % Correct
Combien de points faut-il marquer pour gagner un set en badminton (dans un match professionnel) ? 21
95%
Quel pays est le pays d'origine du judo ? Japon
92%
Quel joueur de football est connu pour son fameux "Main de Dieu" lors de la Coupe du Monde 1986 ? Diego Maradona
87%
Quel joueur de basketball est souvent considéré comme le meilleur joueur de tous les temps et a remporté six championnats NBA avec les Chicago Bulls ? Michael Jordan
85%
Qui est l'athlète le plus titré dans l'histoire des Jeux Olympiques avec 28 médailles ? Michael Phelps
76%
Qui a remporté le Tour de France à plusieurs reprises et est connu pour avoir été impliqué dans un scandale de dopage dans le cyclisme ? Lance Armstrong
70%
Quel athlète français de saut à la perche a remporté plusieurs médailles d'or aux championnats du monde ? Renaud Lavillenie
68%
Quelle équipe nationale a remporté la médaille d'or en volleyball féminin aux Jeux Olympiques de 2021 ? États-Unis
62%
Quel pilote de Formule 1 allemand a remporté le championnat du monde à quatre reprises avec Red Bull Racing ? Sebastian Vettel
59%
Quelle est la distance d'un marathon en kilomètres ? 42,195 km
41%
Quel est le pays d'origine du sport du hockey sur gazon ? Pays-Bas
25%
Quel joueur de golf a remporté le plus de tournois majeurs dans l'histoire du golf ? Jack Nicklaus
5%
Quel est le sport qui se pratique en utilisant une "planche" et un "palonnier" ? Canoë-kayak
3%
Quel joueur de baseball américain est considéré comme l’un des meilleurs lanceurs de tous les temps avec un grand nombre de strikeouts ? Nolan Ryan
1%
Qui a été le premier homme à réaliser un saut à ski de plus de 200 mètres ? Johan Remen Evensen
0%
Aucun quiz correspondant
Distribution des résultats
% des personnes avec chaque résultat
Percentile par nombre de réponses
Votre historique - résultats
Vous n’avez pas pris ce quiz